000 00214 a2200097 4500
001 1087
100 _aManly,G.B
245 _aAircraft electrical & ignition systems
260 _a
_bF.J Wrake
_c
090 _c651
_d651
942 _aNUST-CAE
_cM
_c33056
999 _c236160
_d236160